书目信息 |
| 题名: |
常见的圆周运动
|
|
| 作者: | 张三慧 著 | |
| 分册: | ||
| 出版信息: | 北京 北京人民出版社 1972.11 |
|
| 页数: | 54页 | |
| 开本: | 19cm | |
| 丛书名: | ||
| 单 册: | ||
| 中图分类: | N51 | |
| 科图分类: | ||
| 主题词: | 自然科学--丛书 , 自然科学--多卷书 | |
| 电子资源: | ||
| ISBN: | ||
| 000 | 00593nam0 2200217 45 | |
| 001 | 0310230870 | |
| 005 | 20051117153458.68 | |
| 010 | @dCNY0.15 | |
| 091 | @a13.8 | |
| 100 | @a20031023d1972 km y0chiy0120 ea | |
| 101 | 0 | @achi |
| 105 | @aa z 000yy | |
| 200 | 1 | @a常见的圆周运动@AChang Jian De Yuan Zhou Yun Dong@f张三慧著@FZhang San Hui Zhu |
| 210 | @a北京@c北京人民出版社@d1972.11 | |
| 215 | @a54页@c插图@d19cm | |
| 606 | 0 | @a自然科学@x丛书 |
| 606 | 0 | @a自然科学@x多卷书 |
| 690 | @aN51@v3 | |
| 701 | 0 | @a张三慧@4著 |
| 801 | @aCN@bTSTC@c20051117 | |
| 905 | @f1@b11110@f1@b17934@dN51@e10 | |
| 常见的圆周运动/张三慧著.-北京:北京人民出版社,1972.11 |
| 54页:插图;19cm |
| ISBN :CNY0.15 |
| ● |
| 相关链接 |
|
|
|
|
正题名:常见的圆周运动
索取号:N51/10
 
预约/预借
| 序号 | 登录号 | 条形码 | 馆藏地/架位号 | 状态 | 备注 |
| 1 | 0011110 | 001674673 | 密集书库/ [索取号:N51/10] | 在馆 | |
| 2 | 0011111 | 001231857 | 密集书库/ [索取号:N51/10] | 在馆 | |
| 3 | 0012019 | 001231875 | 密集书库/ [索取号:N51/10] | 在馆 | |
| 4 | 0012020 | 001231884 | 密集书库/ [索取号:N51/10] | 在馆 | |
| 5 | 0012035 | 001674307 | 密集书库/ [索取号:N51/10] | 在馆 | |
| 6 | 0012036 | 001674263 | 密集书库/ [索取号:N51/10] | 在馆 | |
| 7 | 0017934 | 001674726 | 密集书库/ [索取号:N51/10] | 在馆 |